| Tag |
First Indicator |
Second Indicator |
Subfields |
| LEADER |
00000cam a2200000 4500 |
| 001 |
in00000038715 |
| 005 |
20151007081232.0 |
| 008 |
741001s1972 mau 00010 eng d |
| 035 |
|
|
|a (OCoLC)01026165
|
| 035 |
|
|
|9 AAF6081AM
|
| 040 |
|
|
|c TOL
|d TXA
|d UtOrBLW
|
| 049 |
|
|
|a TXAM
|c [930615]
|
| 090 |
|
|
|a HF5463
|b .M39
|
| 100 |
1 |
|
|a May, Eleanor G.
|
| 245 |
1 |
0 |
|a Store-to-store and department-to-department image comparisons /
|c by Eleanor G. May.
|
| 264 |
|
1 |
|a Cambridge, Mass. :
|b Marketing Science Institute,
|c 1972.
|
| 300 |
|
|
|a 20 pages ;
|c 28 cm.
|
| 336 |
|
|
|a text
|b txt
|2 rdacontent
|
| 337 |
|
|
|a unmediated
|b n
|2 rdamedia
|
| 338 |
|
|
|a volume
|b nc
|2 rdacarrier
|
| 490 |
1 |
|
|a Marketing Science Institute. Working paper
|
| 490 |
1 |
|
|a Marketing Science Institute. Prelimanary research report
|
| 650 |
|
0 |
|a Department stores.
|
| 650 |
|
0 |
|a Marketing research.
|
| 710 |
2 |
|
|a Marketing Science Institute.
|
| 830 |
|
0 |
|a Working paper (Marketing Science Institute)
|
| 830 |
|
0 |
|a Preliminary research report (Marketing Science Institute)
|
| 999 |
|
|
|a MARS
|
| 999 |
f |
f |
|s 7c8ae3a9-9e04-318c-8d68-99ad4298c8eb
|i b09f440e-a8f3-3855-8560-cd73b44de9d4
|t 0
|
| 952 |
f |
f |
|p ric
|a Texas A&M University
|b Rellis Campus
|c Joint Library Facility
|d Remote Storage
|t 0
|e HF5463 .M39
|h Library of Congress classification
|i unmediated -- volume
|m A14802802065
|
| 998 |
f |
f |
|a HF5463 .M39
|t 0
|l Remote Storage
|